| 000 | 00508nam a22002057a 4500 | ||
|---|---|---|---|
| 003 | LK-CoDNM | ||
| 005 | 20250228145747.0 | ||
| 008 | 250224b |||||||| |||| 00| 0 eng d | ||
| 040 |
_aLK-CoDNM _dLK-CoDNM _eLK-CoDNM |
||
| 041 | _aeng | ||
| 080 |
_aRC _b604 |
||
| 100 | _aJayawaradana, E. | ||
| 245 | _aThe Last Kingdom of Sinhalay | ||
| 260 |
_aColombo _bM D Gunasena _c2003 |
||
| 300 | _aX, 866p. , Map ; 22cm | ||
| 650 | _aDutch | ||
| 650 | _aSri Lanka | ||
| 650 | _aHistory | ||
| 942 | _cBK | ||
| 999 |
_c238591 _d238591 |
||